[Event "Gibraltar Masters 2019"]
[Site "Caleta ENG"]
[Date "2019.01.24"]
[Round "3.80"]
[White "Kozak,Adam"]
[Black "Sanchez Jerez,E"]
[Result "1-0"]
[WhiteElo "2425"]
[BlackElo "2183"]

1.d4 d5 2.c4 e6 3.Nc3 a6 4.cxd5 exd5 5.Nf3 Bf5 6.Qb3 Nc6 7.Bf4 Bd6 8.Bg3 Nge7
9.e3 h6 10.Rc1 O-O 11.Be2 Bxg3 12.hxg3 Qd6 13.O-O Na5 14.Qa4 Nec6 15.Qd1 Nc4
16.Nxd5 Nxb2 17.Qb3 Nd3 18.Bxd3 Bxd3 19.Qxd3 Qxd5 20.Qb1 Rab8 21.Rc5 Qd6
22.Rfc1 Rfc8 23.Qb3 Nd8 24.R5c3 b5 25.Ne5 a5 26.Qc2 Ne6 27.Nc6 Ra8 28.d5 b4
29.Rc4 Nd8 30.e4 Nxc6 31.Rxc6 Qe5 32.d6 a4 33.Rxc7 Rd8 34.Qc4 Rxd6 35.Qxf7+ Kh7
36.f4 Qd4+ 37.Kh2 Rg6 38.Rc8 Rxc8 39.Rxc8 Rf6 40.Qg8+ Kg6 41.f5+ Kh5 42.Qxg7 Qd6
43.Rg8  1-0

[Event "Gibraltar Masters 2019"]
[Site "Caleta ENG"]
[Date "2019.01.24"]
[Round "3.73"]
[White "Iniyan,P"]
[Black "Schippers,Maurice"]
[Result "0-1"]
[WhiteElo "2456"]
[BlackElo "2276"]

1.d4 g6 2.c4 Bg7 3.Nc3 d6 4.e4 Nf6 5.Nf3 O-O 6.Be2 e5 7.O-O Nc6 8.d5 Ne7
9.b4 a5 10.bxa5 c5 11.a4 Rxa5 12.Bd2 Ra6 13.Ra3 Ne8 14.g3 f5 15.exf5 gxf5
16.Nh4 Ng6 17.Ng2 Rf7 18.Qc1 Bd7 19.Kh1 Nf6 20.Qc2 Bc8 21.Bd3 Qf8 22.f3 Ne8
23.Rb3 Bh6 24.Bxh6 Qxh6 25.f4 Qh3 26.Nd1 Rxa4 27.g4 Rb4 28.Rc3 Nxf4 29.Nxf4 exf4
30.Rxf4 Qh6 31.Qf2 b5 32.gxf5 bxc4 33.Bxc4 Rb1 34.Rg3+ Rg7 35.Be2 Nf6 36.Kg2 Bb7
37.Ne3 Kf8 38.Qf3 Rb3 39.Bc4 Rb2+ 40.Be2 Rxe2+  0-1

[Event "Gibraltar Masters 2019"]
[Site "Caleta ENG"]
[Date "2019.01.24"]
[Round "3.72"]
[White "Giemsa,S"]
[Black "Barski,R"]
[Result "0-1"]
[WhiteElo "2275"]
[BlackElo "2458"]

1.d4 d5 2.c4 e6 3.Nf3 c6 4.e3 Bd6 5.Bd3 Nd7 6.O-O dxc4 7.Bxc4 Ngf6 8.a4 O-O
9.Nbd2 Qe7 10.Bd3 e5 11.dxe5 Nxe5 12.Nxe5 Bxe5 13.Nf3 Bg4 14.h3 Bh5 15.Qc2 Rad8
16.Nxe5 Qxe5 17.f4 Qd6 18.Ra3 h6 19.e4 Qd4+ 20.Kh1 Bg6 21.f5 Bh7 22.Qf2 Nxe4
23.Qxd4 Ng3+ 24.Kg1 Rxd4 25.Rf3 Nxf5 26.Rf4 g5 27.Rxd4 Nxd4 28.Bc4 Rd8 29.Kf2 Bf5
30.h4 Be6 31.Bf1 f6 32.hxg5 hxg5 33.b4 Kf7 34.Rc3 a6 35.Be3 Nf5 36.Bb6 Rd2+
37.Ke1 Rb2 38.Bc5 Bd5 39.g4 Nh4 40.Re3 Nf3+ 41.Kd1 Rb1+ 42.Ke2 Ne5 43.Bh3 b6  0-1

[Event "Gibraltar Masters 2019"]
[Site "Caleta ENG"]
[Date "2019.01.24"]
[Round "3.82"]
[White "Wemmers,X"]
[Black "De Seroux,C"]
[Result "1-0"]
[WhiteElo "2418"]
[BlackElo "2145"]

1.d4 Nf6 2.c4 e6 3.Nc3 Bb4 4.e3 O-O 5.Bd3 c5 6.Ne2 cxd4 7.exd4 d5 8.cxd5 Nxd5
9.O-O Nc6 10.Bc2 Bd6 11.a3 Nxc3 12.bxc3 Qc7 13.Qd3 g6 14.Bh6 Re8 15.Ng3 Bf4
16.Bxf4 Qxf4 17.Rfe1 Bd7 18.Ne4 Red8 19.Re3 Be8 20.Rf3 Qc7 21.Nf6+ Kg7 22.Qe4 Ne7
23.Qh4 Nf5 24.Bxf5 exf5 25.Nxh7 Rd6 26.Rh3 Bc6 27.Qh6+  1-0

[Event "Gibraltar Masters 2019"]
[Site "Caleta ENG"]
[Date "2019.01.24"]
[Round "3.83"]
[White "Moksh,Amit Doshi"]
[Black "Tsolakidou,Stavroula"]
[Result "0-1"]
[WhiteElo "2242"]
[BlackElo "2414"]

1.d4 Nf6 2.Nf3 e6 3.Bf4 c5 4.e3 cxd4 5.exd4 Be7 6.Nbd2 b6 7.h3 Ba6 8.Bxa6 Nxa6
9.c3 O-O 10.Qe2 Nc7 11.a4 d6 12.O-O Qd7 13.Bh2 a6 14.Nc4 Ncd5 15.Rfc1 b5
16.axb5 axb5 17.Ncd2 Qc6 18.Qf1 Nd7 19.Rxa8 Rxa8 20.Ra1 Rxa1 21.Qxa1 N7b6
22.Qa6 h6 23.Ne1 Nc7 24.Qa5 Nc4 25.Nxc4 Qxc4 26.Bg3 Nd5 27.Qa8+ Kh7 28.Qe8 Qe2
29.Nf3 f5 30.Qf7 Qe4 31.Kh2 f4 32.Bh4 Bxh4 33.Nxh4 Nf6 34.Nf3 Qe2 35.Qe7 d5
36.Qd6 Qxb2 37.Qxe6 Qxc3 38.Ne5 Qc2 39.Nc6 Qe4 40.Qf7 f3 41.Nd8 Qf4+ 42.Kg1 Qc1+
43.Kh2 Qf1 44.gxf3 Qxf2+ 45.Kh1 Qxf3+ 46.Kh2 Qf2+ 47.Kh1 Ne4 48.Qxf2 Nxf2+
49.Kg2 b4  0-1

[Event "Gibraltar Masters 2019"]
[Site "Caleta ENG"]
[Date "2019.01.24"]
[Round "3.84"]
[White "Solomon,K"]
[Black "Cholleti,S"]
[Result "1-0"]
[WhiteElo "2413"]
[BlackElo "2122"]

1.d4 Nf6 2.Nf3 e6 3.c4 d5 4.Nc3 Bb4 5.e3 O-O 6.Bd2 Nbd7 7.Qb3 c5 8.cxd5 Bxc3
9.Bxc3 Nxd5 10.Bd2 cxd4 11.Nxd4 b6 12.Be2 Nc5 13.Qc2 a5 14.Nb3 Na6 15.O-O Nab4
16.Qd1 Ba6 17.Bxa6 Nxa6 18.Qe2 a4 19.Nd4 Nc5 20.Rfd1 Qf6 21.Be1 Rfd8 22.Nb5 Rac8
23.Rac1 e5 24.b4 axb3 25.axb3 Qe6 26.b4 Nb7 27.Rxc8 Rxc8 28.Qa2 Nc7 29.Qxe6 fxe6
30.Rc1  1-0

[Event "Gibraltar Masters 2019"]
[Site "Caleta ENG"]
[Date "2019.01.24"]
[Round "3.62"]
[White "Chandra,Akshat"]
[Black "Fenollar Jorda,M"]
[Result "1-0"]
[WhiteElo "2492"]
[BlackElo "2342"]

1.e4 e5 2.Nf3 Nc6 3.Bb5 a6 4.Ba4 Nf6 5.d3 b5 6.Bb3 Bc5 7.Nc3 d6 8.Nd5 h6
9.c3 O-O 10.Nxf6+ Qxf6 11.Bd5 Bd7 12.Rg1 Kh7 13.g4 Qd8 14.g5 h5 15.Nd4 Nxd4
16.Qxh5+ Kg8 17.g6  1-0

[Event "Gibraltar Masters 2019"]
[Site "Caleta ENG"]
[Date "2019.01.24"]
[Round "3.86"]
[White "Chen,Jonathan"]
[Black "Shachar,E"]
[Result "0-1"]
[WhiteElo "1884"]
[BlackElo "2391"]

1.d4 e6 2.c4 f5 3.g3 Nf6 4.Bg2 Be7 5.Nf3 d6 6.O-O O-O 7.Nc3 Ne4 8.Qc2 Nxc3
9.Qxc3 Bf6 10.Qc2 e5 11.dxe5 dxe5 12.e4 fxe4 13.Qxe4 Qe7 14.Bd2 Nc6 15.Bc3 Re8
16.Rfe1 g6 17.Nd2 Be6 18.Qe2 Bg7 19.Bd5 Rad8 20.Qe4 Qd6 21.Bxe6+ Rxe6 22.Nf3 Re7
23.Re2 Bf6 24.Rd2 Nd4 25.Bxd4 exd4 26.Qxb7 c5 27.Qb3 Rde8 28.Qd3 Qb6 29.b3 Qa5
30.Rad1 Kg7 31.Qc2 Qb4 32.Qd3 a5 33.Rb1 Re4 34.Kf1 Qb7 35.a3 Re3 36.fxe3 Rxe3
37.Qxe3 dxe3 38.Rd5 Qe7 39.Ke2 Qe4 40.Rd3 g5 41.g4 Qxg4 42.Rg1 Qf4 43.Rxe3 h6
44.h3 Qf5 45.Rg3 Qc2+ 46.Nd2 Qb2 47.a4 Be5 48.Rg2 Bf4 49.Rd3 Bxd2 50.Rxd2 Qxb3
51.Ke1 Qxc4 52.Rg4 Qb3 53.Rdg2 Qxh3 54.Kd2 Qb3 55.R2g3 Qa2+ 56.Kd3 Kg6 57.Rc4 Qb3+
58.Rc3 Qd5+ 59.Kc2 h5 60.Rgd3 Qf5 61.Kb3 h4 62.Kc4 Qe4+ 63.Kxc5 Qb4+ 64.Kd5 Qxa4
65.Rc6+ Kh5 66.Rd4 Qb3+ 67.Ke5 Qb8+ 68.Ke6 h3 69.Rdd6 h2 70.Kf5 Qf8+ 71.Rf6 Qxf6+  0-1

[Event "Gibraltar Masters 2019"]
[Site "Caleta ENG"]
[Date "2019.01.24"]
[Round "3.87"]
[White "Lim,Z"]
[Black "Tari,A"]
[Result "0-1"]
[WhiteElo "2178"]
[BlackElo "2625"]

1.d4 d5 2.c4 e6 3.Nf3 Nf6 4.g3 Bb4+ 5.Bd2 Bd6 6.Bg2 c6 7.Qc2 Ne4 8.Nc3 f5
9.Bf4 Bxf4 10.gxf4 O-O 11.e3 Nd7 12.O-O-O Nd6 13.cxd5 cxd5 14.Kb1 Nf6 15.Ne5 Bd7
16.f3 Rc8 17.Bf1 b5 18.Qg2 b4 19.Rg1 Qe7 20.Ne2 Nc4 21.Qf2 Ba4 22.Rc1 Qb7
23.Nxc4 dxc4 24.Ng3 Bb5 25.Qe1 c3 26.Bxb5 Qxb5 27.Qe2 Qb6 28.b3 a5 29.Kc2 a4
30.Ra1 Nd5 31.Rgb1 Qc6 32.Nh1 Nc7 33.bxa4 Qxa4+ 34.Rb3 Nb5 35.Nf2 Rfd8 36.Qe1 e5
37.Nd3 exd4 38.e4 Nd6 39.e5 Nc4 40.Kc1 Ra8 41.Rxb4 Qa3+  0-1

[Event "Gibraltar Masters 2019"]
[Site "Caleta ENG"]
[Date "2019.01.24"]
[Round "3.88"]
[White "Kiik,K"]
[Black "Priyanka,Nutakki"]
[Result "1-0"]
[WhiteElo "2410"]
[BlackElo "2195"]

1.Nf3 Nf6 2.g3 e6 3.Bg2 d5 4.O-O Be7 5.d3 O-O 6.Re1 c5 7.Nbd2 Nc6 8.e4 b6
9.e5 Nd7 10.Nf1 Re8 11.h4 f6 12.exf6 Bxf6 13.Ng5 Nf8 14.c4 Re7 15.Ne3 Rd7
16.Nxe6 Nxe6 17.cxd5 Nc7 18.dxc6 Rxd3 19.Qc2 Rd4 20.Nf5 Bxf5 21.Qxf5 Rd1
22.Bf4 Rxa1 23.Rxa1 Qe7 24.Qd7 Nb5 25.Bd5+ Kh8 26.Qxe7 Bxe7 27.Re1 Bd6 28.Bxd6 Nxd6
29.Re7 Re8 30.Rd7  1-0

[Event "Gibraltar Masters 2019"]
[Site "Caleta ENG"]
[Date "2019.01.24"]
[Round "3.89"]
[White "Koehler,G2"]
[Black "Sukandar,I"]
[Result "0-1"]
[WhiteElo "2184"]
[BlackElo "2397"]

1.c4 e5 2.g3 Nf6 3.Bg2 c6 4.Nf3 e4 5.Nd4 d5 6.cxd5 cxd5 7.d3 Qb6 8.dxe4 Bc5
9.e3 dxe4 10.Nc3 O-O 11.O-O Bg4 12.Qa4 Bd7 13.Qc4 Bxd4 14.Qxd4 Bc6 15.Rd1 Na6
16.Qxb6 axb6 17.Bd2 Rfc8 18.Bh3 Rd8 19.Ne2 Nc5 20.Nd4 Bd5 21.b3 h5 22.Bc3 Nd3
23.Bf1 Rdc8 24.Be1 Ne5 25.Be2 g6 26.h3 Nf3+ 27.Bxf3 exf3 28.a4 Ne4 29.Nxf3 Bxb3
30.Rd4 Nc5 31.Rb4 Bxa4 32.Nd4 Bd7 33.Rxa8 Rxa8 34.Kg2 Nd3 35.Rb1 Bc6+ 36.Kf1 Be4
37.f3 Nxe1 38.Rxe1 Bd3+ 39.Kg1 b5 40.Rd1 Ra3 41.e4 b4 42.Kf2 b3 43.Rxd3 b2
44.Rxa3 b1=Q 45.Rb3 Qd1 46.Ke3 Qg1+  0-1

[Event "Gibraltar Masters 2019"]
[Site "Caleta ENG"]
[Date "2019.01.24"]
[Round "3.90"]
[White "Smith,An"]
[Black "Shvayger,Y"]
[Result "1-0"]
[WhiteElo "2167"]
[BlackElo "2387"]

1.e4 e6 2.b3 d5 3.Bb2 dxe4 4.Nc3 Nf6 5.Qe2 Bb4 6.O-O-O Bxc3 7.dxc3 Qe7 8.g4 Nc6
9.g5 Nd5 10.h4 f5 11.gxf6 Nxf6 12.Bg2 O-O 13.Bxe4 Nxe4 14.Qxe4 e5 15.f3 Rf4
16.Qe1 Be6 17.c4 Re8 18.Kb1 Bf5 19.Rh2 h6 20.h5 Qf7 21.Qg3 Nd4 22.Bc1 Nxc2
23.Rxc2 Rd4 24.Rxd4 exd4 25.Bxh6 Bxc2+ 26.Kxc2 c5 27.Qg4 a6 28.Bd2 b5 29.cxb5 axb5
30.h6 g6 31.Nh3 c4 32.Qxd4 Rc8 33.Bc3 cxb3+ 34.axb3  1-0

[Event "Gibraltar Masters 2019"]
[Site "Caleta ENG"]
[Date "2019.01.24"]
[Round "3.91"]
[White "Gonzalez Gonzalez,A"]
[Black "Zhukova,N"]
[Result "1/2-1/2"]
[WhiteElo "2160"]
[BlackElo "2377"]

1.c4 e5 2.g3 Nf6 3.Bg2 Nc6 4.Nc3 Bc5 5.Na4 Be7 6.Nc3 O-O 7.d3 a6 8.Bg5 b5
9.Nf3 Rb8 10.cxb5 axb5 11.O-O b4 12.Bxf6 Bxf6 13.Nd5 g6 14.Nxf6+ Qxf6 15.Qd2 Nd8
16.Rfc1 Ne6 17.Rc4 c5 18.Bh3 Bb7 19.Bxe6 fxe6 20.Rxc5 d6 21.Rc7 Bxf3 22.exf3 Qxf3
23.Rac1 Rb7 24.b3 Rf7 25.Rc8+ Rf8 26.R1c6 Rxc8 27.Rxc8+ Kg7 28.Qc2 Qd5 29.h4 Rf7
30.Rc4 Qa5 31.Rc6 Qd5 32.Rc7 Qa5 33.Rxf7+ Kxf7 34.Qc6 Ke7 35.Qb7+ Kf6 36.g4 h6
37.Qd7 Qd5 38.Qe8 Kg7 39.Qe7+ Kg8 40.Qe8+ Kg7 41.Qe7+ Kg8 42.h5 gxh5 43.gxh5 Qxd3
44.Qxe6+ Kg7 45.Qe7+ Kg8 46.Qe6+ Kg7 47.Qg4+ Kf6 48.Qxb4 e4 49.Kh2 Kg5 50.Qe1 Kxh5
51.a4 d5 52.b4 d4 53.b5 Qf3 54.Qd2 e3 55.fxe3 dxe3 56.Qg2 Qf4+ 57.Qg3 Qxa4
58.Qe5+ Kg4 59.Qg3+ Kh5 60.Qe5+ Kg4 61.Qe6+ Kf3 62.Qh3+ Ke2 63.b6 Qb5 64.Qxh6 Qe5+
65.Kh3 Kd1 66.Qg6 e2 67.Qb1+ Kd2 68.Qb4+ Qc3+ 69.Qxc3+ Kxc3 70.b7  1/2-1/2

[Event "Gibraltar Masters 2019"]
[Site "Caleta ENG"]
[Date "2019.01.24"]
[Round "3.92"]
[White "Anand,N"]
[Black "Torres,Federico"]
[Result "1-0"]
[WhiteElo "2373"]
[BlackElo "2196"]

1.e4 e5 2.Nf3 Nc6 3.Bb5 a6 4.Ba4 Nf6 5.O-O b5 6.Bb3 Bc5 7.a4 Rb8 8.d3 h6
9.Be3 Bxe3 10.fxe3 O-O 11.axb5 axb5 12.Nc3 d6 13.Qe1 b4 14.Nd5 Nxd5 15.exd5 Ne7
16.Nh4 g5 17.Nf3 f5 18.Nxe5 dxe5 19.d6+ Kh8 20.dxe7 Qxe7 21.Ra5 Qd6 22.Rd5 Qf6
23.e4 Be6 24.exf5 Bxd5 25.Bxd5 Qd6 26.Be4 Rf6 27.Kh1 Rb6 28.c3 c5 29.Qd1 Qd7
30.h3 Rbd6 31.Qe1 Rb6 32.Qe3 Qc7 33.Bd5 bxc3 34.bxc3 Qd6 35.c4 Rb2 36.Qf3 Qb8
37.Be4 Rb1 38.Kh2 Rxf1 39.Qxf1 Qb2 40.Qd1 Qf2 41.Qa1 Qf4+ 42.Kg1 Rf8 43.Qa6 Qc1+
44.Kf2 Qd2+ 45.Kf3 g4+ 46.hxg4 Qf4+ 47.Ke2 Qxg4+ 48.Bf3 Qg7 49.Qd6 Rxf5 50.Qxc5 Rf8
51.Qd6 Qf6 52.Qxf6+ Rxf6 53.Ke3 Kg7 54.Ke4 Rd6 55.c5 Rd4+ 56.Kxe5 Rxd3 57.c6 Rc3
58.Kd6 Kf6 59.c7 Rxc7 60.Kxc7 Kg5 61.Bc6  1-0

[Event "Gibraltar Masters 2019"]
[Site "Caleta ENG"]
[Date "2019.01.24"]
[Round "3.93"]
[White "Baert,A"]
[Black "Taboas Rodriguez,D"]
[Result "0-1"]
[WhiteElo "2147"]
[BlackElo "2357"]

1.d4 Nf6 2.c4 g6 3.Nc3 Bg7 4.e4 d6 5.Bd3 O-O 6.Nge2 e5 7.d5 Nbd7 8.O-O Nh5
9.g4 Nf4 10.Nxf4 exf4 11.Bxf4 Ne5 12.Be2 Qh4 13.Bxe5 Bxe5 14.f4 Bg7 15.Qe1 Qe7
16.Bf3 Bd7 17.Qd2 Rae8 18.Rae1 h6 19.Kh1 Qh4 20.Rg1 a6 21.Re2 Qh3 22.Rf2 Re7
23.Rff1 Rfe8 24.Qf2 Kh7 25.Rg2 Bf6 26.Ne2 Qh4 27.Qxh4 Bxh4 28.Nc3 Bf6 29.Rc2 Bd4
30.f5 Rb8 31.Ne2 Be3 32.b4 a5 33.b5 a4 34.Rd1 Kg7 35.Rd3 Bc5 36.Nc3 Ra8 37.Rb2 Ree8
38.Kg2 Kf6 39.Bd1 Rg8 40.Nxa4 Rxa4 41.Bxa4 gxf5 42.Bd1 fxg4 43.Re2 Ke5 44.Re1 h5
45.Rf1 f6 46.Kg3 h4+ 47.Kg2 Be8 48.Re1 Bd7 49.a4 b6 50.Bc2 Kf4 51.Rf1+ Ke5
52.Re1 Re8 53.Rdd1 Re7 54.Bb1 Bb4 55.Re3 Kf4 56.Rb3 h3+ 57.Kh1 Bc5 58.Rf1+ Kg5
59.Rb2 Re8 60.Bd3 Bd4 61.Ra2 Ra8 62.Ra3 Be8 63.Bc2 Bg6 64.Rd1 Bc5 65.Raa1 Re8
66.Re1 Bb4 67.Re3 Bd2 68.Re2 Bc3 69.Ra3 Bd4 70.Bd3 Kf4 71.Raa2 Bxe4+ 72.Bxe4 Rxe4
73.Rxe4+ Kxe4 74.Re2+ Kd3 75.Re7 f5 76.Rxc7 f4 77.c5 g3 78.hxg3 fxg3  0-1

[Event "Gibraltar Masters 2019"]
[Site "Caleta ENG"]
[Date "2019.01.24"]
[Round "3.94"]
[White "Dhulipalla,Bala Chandra Prasad"]
[Black "Spence,D"]
[Result "1-0"]
[WhiteElo "2341"]
[BlackElo "2143"]

1.d4 e6 2.c4 Nf6 3.g3 c5 4.d5 exd5 5.cxd5 b5 6.e4 Nxe4 7.Bg2 Nd6 8.Nf3 Be7
9.O-O O-O 10.Bf4 Bb7 11.Re1 Na6 12.Nc3 Re8 13.a4 Nc7 14.Ng5 h6 15.Nge4 Nxe4
16.Bxe4 d6 17.axb5 Bg5 18.Qg4 Bxf4 19.Qxf4 Re5 20.Bd3 Qe7 21.Rxe5 Qxe5 22.Qxe5 dxe5
23.Bc4 Kf8 24.Re1 f6 25.d6 Ne8 26.Rd1 Rd8 27.d7 Nc7 28.Ra1 a6 29.b6 Nb5 30.Nxb5 axb5
31.Bxb5 Ke7 32.f4 Rb8 33.Kf2 Kd8 34.Rc1 Be4 35.Rxc5 Bf5 36.fxe5 fxe5 37.Rxe5 Bxd7
38.Rd5  1-0

[Event "Gibraltar Masters 2019"]
[Site "Caleta ENG"]
[Date "2019.01.24"]
[Round "3.95"]
[White "Osuna Vega,E"]
[Black "Stijve,Theo"]
[Result "1/2-1/2"]
[WhiteElo "2116"]
[BlackElo "2339"]

1.d4 Nf6 2.Nf3 d5 3.c4 e6 4.Nc3 Be7 5.Bf4 O-O 6.e3 Nbd7 7.Bd3 dxc4 8.Bxc4 a6
9.h3 b5 10.Bd3 Bb7 11.a3 c5 12.O-O Rc8 13.Bh2 Qb6 14.Qe2 Rfd8 15.dxc5 Nxc5
16.Bc2 Nd5 17.Be5 f6 18.e4 Nc7 19.Bd4 e5 20.Be3 Qe6 21.Rad1 Na8 22.Rxd8+ Rxd8
23.Rd1 Rxd1+ 24.Qxd1 Qd6 25.Qxd6 Bxd6 26.b4 Ne6 27.Bb3 Nc7 28.Nd2 Kf8 29.f3 Ke7
30.Ndb1 g5 31.Ne2 h5 32.Kf2 Ne8 33.Nbc3 N8c7 34.Bb6 h4 35.Ke3 Kd7 36.Kd3 Ke7
37.Nd1 Na8 38.Bf2 a5 39.Ne3 axb4 40.Nf5+ Kd7 41.Nxd6 Kxd6 42.Bxe6 Kxe6 43.axb4 Nc7
44.g4 Kf7 45.Nc1 Bc8 46.Nb3 Be6 47.Nd2 Ke8 48.Kc3 Kd7 49.Be3 Kc6 50.Bc5 Bf7
51.Be7 Ne8 52.Kd3 Kd7 53.Bf8 Nc7 54.Bc5 Ba2 55.Kc3 Ne6 56.Be3 Kc6 57.Kd3 Nc7
58.Bc5 Ne8 59.Kc3 Kd7 60.Bf8 Nc7 61.Bc5 Ne6 62.Be3 Nd8 63.Kb2 Bg8 64.Kc3 Nb7
65.Bf2 Kc6 66.Be3 Ba2 67.Bf2 Kd7  1/2-1/2

[Event "Gibraltar Masters 2019"]
[Site "Caleta ENG"]
[Date "2019.01.24"]
[Round "3.96"]
[White "De Haan,E"]
[Black "Stewart,Ashley"]
[Result "1-0"]
[WhiteElo "2337"]
[BlackElo "2122"]

1.d4 Nf6 2.c4 g6 3.Nc3 Bg7 4.e4 d6 5.f3 O-O 6.Bg5 c5 7.d5 h6 8.Be3 e6 9.Qd2 exd5
10.cxd5 a6 11.a4 Nbd7 12.Nh3 Ne5 13.Nf2 h5 14.Be2 Bd7 15.O-O Qa5 16.h3 Qb4
17.b3 c4 18.f4 Nd3 19.Bxd3 cxd3 20.e5 Ne8 21.Nxd3 Qxb3 22.Rab1 Qc4 23.Rb4 Qc7
24.Rc1 Bf5 25.Ne4 Qa5 26.Ndf2 Qd8 27.Rxb7 Rc8 28.Bb6 Rxc1+ 29.Qxc1 Qa8 30.Qc6 dxe5
31.Bc5 Bc8 32.Ra7 Qb8 33.Bxf8 Qxa7 34.Qxe8 Bd7 35.Qd8 Bxf8 36.Qxd7 Qd4 37.f5 Qa1+
38.Kh2 Qc1 39.fxg6 Qf4+ 40.g3 Qf3 41.Qxf7+ Qxf7  1-0

[Event "Gibraltar Masters 2019"]
[Site "Caleta ENG"]
[Date "2019.01.24"]
[Round "3.97"]
[White "Osmanodja,F"]
[Black "Veltkamp,G"]
[Result "1-0"]
[WhiteElo "2318"]
[BlackElo "2117"]

1.e4 e5 2.Nf3 Nc6 3.Bb5 f5 4.d3 Nf6 5.O-O fxe4 6.dxe4 Bc5 7.Qd3 Nd4 8.Nxd4 Bxd4
9.Nd2 a6 10.Ba4 b5 11.Bb3 Bb7 12.a4 Bc6 13.c3 Bc5 14.axb5 axb5 15.Rxa8 Qxa8
16.Qg3 Bd6 17.Qxg7 Rf8 18.f3 Qa7+ 19.Kh1 Kd8 20.Bf7 Be7 21.Nb3 Bxe4 22.Bg5 Rxf7
23.Qxf7 Bd5 24.Qg7 Qb6 25.Qh8+  1-0

[Event "Gibraltar Masters 2019"]
[Site "Caleta ENG"]
[Date "2019.01.24"]
[Round "3.98"]
[White "Semprun Martinez,F"]
[Black "Heinemann,Josefine"]
[Result "1-0"]
[WhiteElo "2076"]
[BlackElo "2304"]

1.Nf3 c5 2.c4 Nc6 3.Nc3 g6 4.e3 Nf6 5.d4 cxd4 6.exd4 d5 7.cxd5 Nxd5 8.Qb3 Nxc3
9.Bc4 e6 10.bxc3 Bd7 11.Be2 Qc7 12.Ba3 Na5 13.Qb2 Bxa3 14.Qxa3 f6 15.O-O Kf7
16.Rac1 b5 17.Nd2 Rhc8 18.Ne4 Nb7 19.c4 bxc4 20.Bxc4 Qf4 21.Qe3 Qxe3 22.fxe3 f5
23.Ba6 Rxc1 24.Rxc1 fxe4 25.Bxb7 Rb8 26.Rc7 Ke8 27.Bxe4 a5 28.Kf2 a4 29.Ke2 Kd8
30.Rb7 Rc8 31.Kd2 Ke7 32.Bc2 Ra8 33.e4 e5 34.dxe5 Ke6 35.Ke3 Rc8 36.Bd3 Rd8
37.Bc4+ Kxe5 38.Ra7 h6 39.Ra5+ Kf6 40.Ra6+ Ke5 41.Rxg6 Rc8 42.Kd3 Rd8 43.Bd5 Rc8
44.Bc4 Rd8 45.Kc3 Rf8 46.Rxh6 Rf2 47.g3 Kxe4 48.Rd6 Bh3 49.Rd4+ Kf3 50.Rf4+ Kg2
51.Bd5+ Kg1 52.Rxf2 Kxf2 53.Kd4 Kg1 54.Ke3 Kxh2 55.Kf4 a3 56.g4 Bf1 57.g5 Bd3
58.Ke5 Kg3 59.Kf6 Kf4 60.g6  1-0

[Event "Gibraltar Masters 2019"]
[Site "Caleta ENG"]
[Date "2019.01.24"]
[Round "3.99"]
[White "Mannion,Stephen R"]
[Black "Kozarcanin,S"]
[Result "1-0"]
[WhiteElo "2293"]
[BlackElo "2048"]

1.e4 e5 2.Nf3 Nc6 3.Bb5 a6 4.Ba4 d6 5.c3 g6 6.d4 Bd7 7.O-O Bg7 8.Re1 Nf6
9.h3 O-O 10.Nbd2 Re8 11.Bc2 h6 12.Nf1 Nh5 13.Be3 Qf6 14.N1h2 Nf4 15.dxe5 Nxe5
16.Nxe5 Rxe5 17.Qf3 Nh5 18.g4 Qh4 19.gxh5 Rxh5 20.Qg3 Qxh3 21.Qxh3 Bxh3 22.Rad1 Re8
23.Rd5 Rh4 24.f4 Bd7 25.Rd2 Bc6 26.Rde2 Re6 27.Bd2 g5 28.fxg5 hxg5 29.Bxg5 Rg6
30.Rg2 Rh5 31.Bf4 Rxg2+ 32.Kxg2 Rh4 33.Bg3  1-0

[Event "Gibraltar Masters 2019"]
[Site "Caleta ENG"]
[Date "2019.01.24"]
[Round "3.100"]
[White "Cramling Bellon,Anna"]
[Black "Chinguun,Sumiya"]
[Result "0-1"]
[WhiteElo "2025"]
[BlackElo "2286"]

1.d4 Nf6 2.c4 c5 3.d5 b5 4.cxb5 a6 5.e3 g6 6.Nc3 d6 7.Nf3 Bg7 8.a4 axb5 9.Bxb5+ Bd7
10.Bd2 Na6 11.O-O Nb4 12.e4 O-O 13.h3 Ne8 14.Bc4 Nc7 15.Bg5 h6 16.Bf4 Bc8
17.Qd2 g5 18.Bg3 Ba6 19.Bxa6 Rxa6 20.h4 f6 21.Nh2 Qe8 22.Qe2 Ra7 23.f4 gxh4
24.Bxh4 f5 25.Nb5 Nxb5 26.axb5 Rb7 27.Ra5 Qc8 28.exf5 Qxf5 29.Qe6+ Kh7 30.Qxf5+ Rxf5
31.Ng4 Nxd5 32.Bg3 Bxb2 33.Kh1 Bc3 34.Ra3 Rxb5 35.Rd1 Bd4 36.Ra7 Rb3 37.Bf2 Rxf4
38.Bxd4 Rxd4 39.Rxd4 cxd4 40.Ra5 Ne3 41.Nf2 Kg6 42.Ra4 d3 43.Re4 d2 44.Rxe7 Rb1+
45.Kh2 Ng4+  0-1

[Event "Gibraltar Masters 2019"]
[Site "Caleta ENG"]
[Date "2019.01.24"]
[Round "3.101"]
[White "Bianco,V"]
[Black "Michenka,J"]
[Result "1/2-1/2"]
[WhiteElo "2018"]
[BlackElo "2280"]

1.d4 Nf6 2.c4 e6 3.Nc3 Bb4 4.Bd2 d5 5.e3 O-O 6.Nf3 c5 7.a3 Bxc3 8.Bxc3 Ne4
9.Rc1 Nxc3 10.Rxc3 cxd4 11.Qxd4 Nc6 12.Qd2 dxc4 13.Qxd8 Rxd8 14.Bxc4 Bd7
15.Ke2 Kf8 16.Rd1 Be8 17.Rxd8 Rxd8 18.Bd3 h6 19.b4 Ke7 20.h4 f6 21.b5 Na5
22.Nd2 Bd7 23.Ne4 Rc8 24.Kd2 b6 25.Rxc8 Bxc8 26.Kc3 e5 27.Ng3 Bd7 28.h5 Nb7
29.Kb4 Nd6 30.a4 f5 31.f4 e4 32.Be2 Ne8 33.Kc3 Kd6 34.Kd4 Nf6 35.Bc4 Be6
36.Bxe6 Kxe6 37.Kc3 Nd5+ 38.Kd2 Ne7 39.Ne2 Kd5 40.Nd4 Kc4 41.Nc6 Nc8 42.Kc2 Nd6
43.Nxa7 Kb4 44.Nc6+ Kxa4 45.Nd4 Kb4 46.Kd2 Kc5 47.g3 Kc4 48.Kc2 Kb4 49.Kd2 Nc4+
50.Ke2 Nd6 51.Kd2 Nc4+  1/2-1/2

[Event "Gibraltar Masters 2019"]
[Site "Caleta ENG"]
[Date "2019.01.24"]
[Round "3.102"]
[White "Solozhenkina,Elizaveta"]
[Black "Dasaolu,R"]
[Result "1-0"]
[WhiteElo "2279"]
[BlackElo "2038"]

1.e4 c6 2.d4 d5 3.Nc3 dxe4 4.Nxe4 Bf5 5.Ng3 Bg6 6.h4 h6 7.Nf3 Nd7 8.h5 Bh7
9.Bd3 Bxd3 10.Qxd3 Qc7 11.Bd2 Ngf6 12.O-O-O e6 13.Ne4 O-O-O 14.Nxf6 gxf6
15.Qe2 Bd6 16.g3 f5 17.Rhe1 Nf6 18.Ne5 Bxe5 19.dxe5 Ne4 20.Bf4 Qa5 21.a3 Qb6
22.f3 Ng5 23.Bxg5 hxg5 24.g4 f4 25.Rd6 Qc5 26.Red1 Rxd6 27.Rxd6 Qg1+ 28.Rd1 Qc5
29.b4 Qc3 30.Rd3 Qa1+ 31.Kd2 f6 32.exf6 Qxf6 33.Qf2 b6 34.Qd4 Qxd4 35.Rxd4 Kc7
36.Kd3 c5 37.bxc5 bxc5 38.Ra4 Kd6 39.Ke4 Rd8 40.Rxa7 Rb8 41.h6 Rb1 42.h7 Re1+
43.Kd3 Rh1 44.a4 Rh3 45.Ke4 Rh1 46.a5 Re1+ 47.Kd3 Rh1 48.a6 Kd5 49.Rd7+ Kc6
50.a7  1-0

[Event "Gibraltar Masters 2019"]
[Site "Caleta ENG"]
[Date "2019.01.24"]
[Round "3.61"]
[White "Sprenger,J"]
[Black "Kulon,K"]
[Result "1-0"]
[WhiteElo "2498"]
[BlackElo "2347"]

1.e4 c5 2.Nf3 d6 3.d4 cxd4 4.Nxd4 Nf6 5.Nc3 Nc6 6.Bg5 e6 7.Qd2 a6 8.O-O-O Bd7
9.f3 Be7 10.Kb1 Qc7 11.h4 h6 12.Be3 h5 13.Bg5 Ne5 14.g4 hxg4 15.f4 Nc6 16.Nde2 b5
17.Ng3 b4 18.Nce2 a5 19.Bg2 Rc8 20.h5 a4 21.h6 gxh6 22.Bxh6 Na5 23.b3 Rg8
24.Bg5 e5 25.Rh6 Rg6 26.Rh8+ Ng8 27.Bxe7 Kxe7 28.Nf5+ Bxf5 29.exf5 Rf6 30.fxe5 dxe5
31.Qxb4+ Rd6 32.f6+ Ke6 33.Qxg4+ Kxf6 34.Qh4+ Ke6 35.Bh3+ f5 36.Bxf5+ Kxf5
37.Qh3+ Kf6 38.Rf1+ Ke7 39.Rh7+ Ke8 40.Qh5+  1-0

[Event "Gibraltar Masters 2019"]
[Site "Caleta ENG"]
[Date "2019.01.24"]
[Round "3.85"]
[White "Valhondo Morales,R"]
[Black "Erenberg,Ariel"]
[Result "1/2-1/2"]
[WhiteElo "2231"]
[BlackElo "2409"]

1.e4 e5 2.Nf3 Nc6 3.Bb5 a6 4.Ba4 Nf6 5.Qe2 Bd6 6.c3 O-O 7.d3 Re8 8.Nbd2 Bf8
9.Nf1 b5 10.Bc2 d5 11.h3 dxe4 12.dxe4 Be6 13.Ne3 h6 14.g4 g6 15.Rg1 Kh8 16.Bd2 Qc8
17.a4 b4 18.Nc4 bxc3 19.Bxc3 Bxc4 20.Qxc4 Qe6 21.Qxe6 Rxe6 22.Bb3 Re7 23.O-O-O Bg7
24.Rge1 a5 25.Kb1 Ra6 26.Bc4 Rb6 27.Bb5 Ne8 28.Rd5 Nb4 29.Rd8 c6 30.Bc4 Kh7
31.g5 f6 32.h4 c5 33.Red1 Rbb7 34.Ra8 Ra7 35.Rdd8 Rxa8 36.Rxa8 Nd6 37.Bg8+ Kh8
38.Bxb4 cxb4 39.Bd5+ Re8 40.Rxa5 hxg5 41.hxg5 f5 42.Nd2 Bf8 43.Ra8 Rxa8 44.Bxa8 Be7
45.Kc2 Bxg5 46.Kd3 Bxd2 47.Kxd2 Nc4+ 48.Kc2 Na5 49.exf5 gxf5 50.Kd3 Kg7 51.Bd5 Kf6
52.f4 e4+ 53.Kd4 Ke7 54.Bg8 Kd6 55.Bf7 Ke7 56.Bh5 Kd6 57.Bd1 Kc6 58.Be2 Nb3+
59.Ke3 Kc5 60.Bb5 Na5 61.Bd7 Nc4+ 62.Ke2 Nxb2 63.Bxf5 Kd4 64.a5 Nd3 65.a6 Nxf4+
66.Kd1 Nd5 67.a7 Nb6 68.Kc2 e3 69.Bg4 Kc4 70.Be2+ Kc5 71.Kb3 Na8 72.Bf3  1/2-1/2

[Event "Gibraltar Masters 2019"]
[Site "Caleta ENG"]
[Date "2019.01.24"]
[Round "3.60"]
[White "Bellon Lopez,JuM"]
[Black "Krysa,L"]
[Result "0-1"]
[WhiteElo "2332"]
[BlackElo "2499"]

1.d4 Nf6 2.Bg5 e6 3.Nf3 h6 4.Bxf6 Qxf6 5.e4 d6 6.Nc3 c6 7.Qd2 e5 8.O-O-O Be7
9.h4 O-O 10.Kb1 Bd8 11.dxe5 dxe5 12.Nxe5 Qxe5 13.Qxd8 Rxd8 14.Rxd8+ Kh7 15.Rxc8 Qe6
16.Rd8 Qe7 17.Rc8 Qd7 18.Rf8 b5 19.e5 Qe7 20.Rc8 Qb7 21.Bd3+ g6 22.Re8 Na6
23.Rxa8 Qxa8 24.Ne4 Kg7 25.c3 Qb8 26.f4 Qb6 27.Rd1 Nc5 28.Nxc5 Qxc5 29.Be4 b4
30.Bf3 bxc3 31.Rc1 Qb4 32.Rxc3 Qxf4 33.Rxc6 Qxh4 34.e6 Qe1+ 35.Kc2 fxe6 36.a3 g5
37.Kd3 g4 38.Be4 Kf6 39.Rc2 h5 40.a4 Qg3+  0-1

[Event "Gibraltar Masters 2019"]
[Site "Caleta ENG"]
[Date "2019.01.24"]
[Round "3.59"]
[White "Karim,I"]
[Black "Gunina,V"]
[Result "1/2-1/2"]
[WhiteElo "2347"]
[BlackElo "2501"]

1.Nf3 d5 2.g3 c6 3.Bg2 Bg4 4.d3 Nd7 5.Nbd2 e6 6.h3 Bh5 7.O-O Bd6 8.e4 Ne7
9.Qe1 O-O 10.Nh4 Ng6 11.Nxg6 Bxg6 12.Nf3 h6 13.Nh4 Bh7 14.f4 dxe4 15.dxe4 Qb6+
16.Kh1 Rad8 17.Qe2 Nc5 18.b3 Be7 19.Bb2 Bxh4 20.gxh4 f5 21.exf5 Bxf5 22.Qe5 Rd7
23.Ba3 Rd5 24.Bxd5 cxd5 25.Qd4 Rc8 26.Rg1 Be4+ 27.Kh2 e5 28.fxe5 Ne6 29.Qxb6 Rxc2+
30.Kg3 axb6 31.Rac1 Rxa2 32.Ra1 Rc2 33.Rac1 Ra2 34.Ra1 Rc2 35.Rac1 Ra2  1/2-1/2